000 00267nam a22000977a 4500
008 220620b ||||| |||| 00| 0 eng d
100 _aDavid Feldman Galleries
245 _aWorld Rarities & Important Collections (2011)
260 _bFeldman Galleries
650 _aRarities
999 _c3419
_d3419